Občania Vlachova píšu sťažnosť na rožňavské Telekomunikácie

Bibliographic Details
Main Author: (jkč) (Author)
Format: Article
Language:Slovak
Subjects:

MARC

LEADER 00000nab a2200000 a 4500
001 vtls001008517
003 SK-MaSNL
005 20260303180908.0
008 040720e20001121xo 0 slo
035 |a RV9117 
040 |a RVGKPD  |b slo  |c RVGKPD  |e AACR2 
041 0 |a slo 
044 |a xo  |c SK 
080 |a 654  |2 1981 
100 0 |a (jkč)  |4 aut  |9 1024004 
245 1 0 |a Občania Vlachova píšu sťažnosť na rožňavské Telekomunikácie 
500 |a sťažnosti 
650 0 7 |a telekomunikácia   |2 RVGKPD  |9 105923 
650 0 7 |a služby  |2 RVGKPD  |9 2356 
651 7 |a Rožňava (Slovensko)  |2 RVGKPD  |9 17394 
651 7 |a Vlachovo (Slovensko)  |2 RVGKPD  |9 29546 
655 7 |a periodikum  |2 snkbucl  |9 29553 
773 0 8 |t Týždeň v Gemeri  |g Roč. 1, č.39-40, 21.11.2000, s. 1 
852 |a ZVYKNI  |b KIS3GCP 
999 |c 2107950  |d 2109880